| 000 | 00965nam a2200277Ia 4500 | ||
|---|---|---|---|
| 003 | OSt | ||
| 005 | 20220928123928.0 | ||
| 006 | a|||||r|||| 00| 0 | ||
| 007 | ta | ||
| 008 | 220927b |||||||| |||| 00| 0 eng d | ||
| 020 | _c6901.598 | ||
| 024 | _a109178 | ||
| 037 |
_b3079, 13/09/2010, New India Book Agency _cTextual |
||
| 040 |
_aSDCL _cSDCL _beng |
||
| 041 |
_2eng _aeng |
||
| 082 | _aL:47257:6, P9 | ||
| 100 |
_aBaronzio Gianfranco Ed. _9462371 |
||
| 245 | 0 |
_aCancer microenvironment and therapeutic implications _b Tumor pathophysiology mechanisms and therapeutic strategies. |
|
| 260 | _c2009 | ||
| 300 |
_axv,242p. _ccm. |
||
| 650 | _aBiochemistry | ||
| 700 |
_a Cogle Christopher R Ed. _9462372 |
||
| 700 |
_a Fiorentini Giammaria Ed. _9462373 |
||
| 942 |
_hL:47257:6, P9 _cTEXL _2CC |
||
| 999 |
_c775358 _d775358 |
||